[Event "Eurasia Cup op"]
[Site "Ekaterinburg"]
[Date "2019.08.08"]
[Round "9"]
[White "Beryozka, Polina"]
[Black "Malashenko, Artyom"]
[Result "0-1"]
[WhiteElo "1286"]
[BlackElo "1641"]
[PlyCount "75"]
[EventDate "2019.07.31"]
[EventType "swiss"]
[EventRounds "9"]
[EventCountry "RUS"]
[SourceTitle "EXT 2020"]
[Source "ChessBase"]
[SourceDate "2019.10.17"]
[SourceVersion "1"]
[SourceVersionDate "2019.10.17"]
[SourceQuality "1"]

1. c4 c5 2. g3 e6 3. Bg2 d5 4. cxd5 exd5 5. d3 Nc6 6. Nf3 g6 7. 0-0 Bg7 8. Nbd2 b6 9. a3 Nge7 10. Rb1 a5 11. b3 Bd7 12. Bb2 d4 13. Ne4 0-0 14. Re1 Ra7 15. e3 Nf5 16. Qc2 Ne5 17. Nxe5 Bxe5 18. Nd2 dxe3 19. fxe3 Bxb2 20. Qxb2 Bb5 21. Nc4 Re8 22. e4 Rae7 23. Qc3 Nd6 24. Rbd1 a4 25. b4 Qc7 26. Ne3 cxb4 27. Qxc7 Rxc7 28. Nd5 Rc3 29. Nf6+ Kg7 30. Nxe8+ Nxe8 31. axb4 Rb3 32. d4 a3 33. Ra1 Nd6 34. e5 Nf5 35. Red1 Ne3 36. Rdb1 Rd3 37. Bf1 Nxf1 38. Kxf1 0-1

[Event "Eurasia Cup op"]
[Site "Ekaterinburg"]
[Date "2019.08.07"]
[Round "7"]
[White "Malashenko, Artyom"]
[Black "Godov, Oleg"]
[Result "0-1"]
[WhiteElo "1641"]
[BlackElo "1838"]
[PlyCount "82"]
[EventDate "2019.07.31"]
[EventType "swiss"]
[EventRounds "9"]
[EventCountry "RUS"]
[SourceTitle "CBM 191 Extra"]
[Source "ChessBase"]
[SourceDate "2019.09.30"]
[SourceVersion "1"]
[SourceVersionDate "2019.09.30"]
[SourceQuality "1"]

1. e4 c5 2. c3 Nf6 3. e5 Nd5 4. d4 cxd4 5. cxd4 Nc6 6. Bc4 Nb6 7. Bb3 e6 8. Nf3 d6 9. 0-0 Be7 10. Bf4 0-0 11. Nc3 dxe5 12. dxe5 Nd7 13. Ne4 b6 14. Re1 Ba6 15. Rc1 Nc5 16. Nxc5 Bxc5 17. a3 Nd4 18. Nxd4 Qxd4 19. Qxd4 Bxd4 20. Rc2 Rfd8 21. Rd2 Bc5 22. Red1 Rxd2 23. Rxd2 Bb5 24. Bc2 Rc8 25. h3 h6 26. Bd3 Bxd3 27. Rxd3 a5 28. Be3 Bxe3 29. Rxe3 Rc5 30. f4 Kf8 31. Kf2 Ke7 32. b3 b5 33. Kf3 Rc2 34. Re2 Rc1 35. Re4 Ra1 36. a4 Ra3 37. axb5 Rxb3+ 38. Re3 a4 39. b6 Rxb6 40. Kg4 Ra6 41. Ra3 Kd7 0-1

[Event "Eurasia Cup op"]
[Site "Ekaterinburg"]
[Date "2019.07.31"]
[Round "1"]
[White "Malashenko, Artyom"]
[Black "Isaev, Anton"]
[Result "0-1"]
[WhiteElo "1641"]
[BlackElo "2155"]
[PlyCount "84"]
[EventDate "2019.07.31"]
[EventType "swiss"]
[EventRounds "9"]
[EventCountry "RUS"]
[SourceTitle "CBM 191 Extra"]
[Source "ChessBase"]
[SourceDate "2019.09.30"]
[SourceVersion "1"]
[SourceVersionDate "2019.09.30"]
[SourceQuality "1"]

1. e4 c6 2. c4 d5 3. exd5 cxd5 4. d4 Nf6 5. cxd5 Nxd5 6. Nc3 e6 7. Nf3 Be7 8. a3 0-0 9. Bd3 b6 10. Nxd5 exd5 11. Qc2 h6 12. Bf4 Bb7 13. g4 Re8 14. Kf1 Nc6 15. h4 Rc8 16. Qd2 Bd6 17. g5 h5 18. Kg2 Na5 19. Rae1 Qd7 20. Bxd6 Qxd6 21. Ne5 Nc4 22. Bxc4 dxc4+ 23. f3 Qd5 24. Qf4 c3 25. bxc3 Rxc3 26. Re3 Rc2+ 27. Kg3 Qa2 28. Qf5 Rg2+ 29. Kf4 Rd8 30. Rd3 Bc8 31. Qe4 Qf2 32. Qe1 Rxd4+ 33. Rxd4 Qxd4+ 34. Qe4 Qd2+ 35. Qe3 Qc2 36. Qd3 Qa4+ 37. Qc4 Qxc4+ 38. Nxc4 Be6 39. Nd6 Ra2 40. Nb5 Bd7 41. Rb1 Bxb5 42. Rxb5 Rxa3 0-1